000 00500nam a2200157Ia 4500
005 20250307011915.0
008 240331s9999 xx 000 0 und d
082 _bLAK
_24541
_a894.811
245 0 _aPayanapadatha Pathaikal :
_bKaadchi Vadiva Varalattu Payilarangil Penn Kalaijarkalin Pathivukal
260 _aMumbai,
_bSparrow
_c2001
300 _a238 p.,
500 _aLife and works of some famous female dancers.
700 _aSrinivasan, A
_eedt
700 _aSivasubramaniam, M
_eedt
942 _cL
999 _c4339
_d4339